Têtes de Listes aux élections municipales 2026 à Nantes - Statistiques

Statistiques générales
  • Ce quiz a été pris 9 fois
  • Le résultat moyen est 3 sur 8
Statistiques - réponses
Liste Partis Chef de file ou candidat à la mairie % Correct
La gauche unie pour Nantes Parti Socialiste Johanna Rolland
100%
Votre nouveau souffle pour Nantes Les Républicains Foulques Chombart de Lauwe
75%
Nouvelle Nantes La France Insoumise William Aucant
50%
Nantes Populaire Divers Gauche Margot Medkour
38%
Pour une Nantes Sûre Rassemblement National Jean-Claude Hulot
25%
Nantes mérite mieux Divers Centre Mounir Belhamiti
25%
NPA Révolutionnaires! - Nantes ouvrière et Révolutionnaire Nouveau Parti Anticapitaliste - Révolutionnaires Alexandre Gauvin
13%
Lutte ouvrière - Le camp des travailleurs Lutte Ouvrière Nicolas Bazille
13%
Aucun quiz correspondant
Distribution des résultats
% des personnes avec chaque résultat
Percentile par nombre de réponses
Votre historique - résultats
Vous n’avez pas pris ce quiz